000 00258nam a2200097Ia 4500
008 200302s9999 xx 000 0 und d
100 _aAuthor
245 _aIdea Wood / 2 Traditional Kitchens Bathroom Units Vol 2
260 _bIdea Books Ltd.,
300 _a117 P.,
999 _c1715
_d1715